00687nam a2200193Ia 450000500170000000800460001702000220006303700130008504000200009804100130011808400230013110000290015424500680018326000690025130000150032094200210033599900210035695201160037720250508164933.0008 250505s9999 xx 000 0 eng d a978-81-321-0296-0 aTextBook aFEDLbengcFEDL aeng2eng a300.7, BAT/RqFEDL aBatra Poonam Ed.9603123 0aSocial science learning in schools : Perspective and challenges aNew Delhi, IndiabSage Publications India Private Limited c2010 axiii,320p. cTBh300.7, BAT/R c1392141d1392141 00104070aFEDLbFEDLd2025-05-08l1o300.7, BAT/RpEL0085771r2026-02-25 15:10:52s2026-02-19w2025-05-08yTB